Fundamentals of manufacturing for engineers / (Record no. 26028)

MARC details
000 -LEADER
fixed length control field 00753cam a22002415a 4500
001 - CONTROL NUMBER
control field 4005856
005 - DATE AND TIME OF LATEST TRANSACTION
control field 20201128024229.0
008 - FIXED-LENGTH DATA ELEMENTS--GENERAL INFORMATION
fixed length control field 960515s2001 flua frb 001 0 eng d
020 ## - INTERNATIONAL STANDARD BOOK NUMBER
International Standard Book Number 1857283384
020 ## - INTERNATIONAL STANDARD BOOK NUMBER
International Standard Book Number 9781857283389
040 ## - CATALOGING SOURCE
Original cataloging agency DLC
Transcribing agency DLC
Modifying agency DLC
-- EG-ScBUE
Language of cataloging eng
082 04 - DEWEY DECIMAL CLASSIFICATION NUMBER
Classification number 670
Edition number 22
Item number WAT
100 1# - MAIN ENTRY--PERSONAL NAME
Personal name Waters, T. Frederick.
245 10 - TITLE STATEMENT
Title Fundamentals of manufacturing for engineers /
Statement of responsibility, etc T. F. Waters.
260 ## - PUBLICATION, DISTRIBUTION, ETC. (IMPRINT)
Place of publication, distribution, etc Boca Raton :
Name of publisher, distributor, etc Taylor & Francis Group,
Date of publication, distribution, etc 2001.
300 ## - PHYSICAL DESCRIPTION
Extent x, 321 p. :
Other physical details ill. ;
Dimensions 25 cm.
504 ## - BIBLIOGRAPHY, ETC. NOTE
Bibliography, etc Includes bibliographical references and index.
650 #7 - SUBJECT ADDED ENTRY--TOPICAL TERM
Topical term or geographic name as entry element Manufacturing processes.
Source of heading or term BUEsh
9 (RLIN) 4604
650 #7 - SUBJECT ADDED ENTRY--TOPICAL TERM
Topical term or geographic name as entry element Production engineering.
Source of heading or term BUEsh
9 (RLIN) 357
651 ## - SUBJECT ADDED ENTRY--GEOGRAPHIC NAME
Source of heading or term BUEsh
653 ## - INDEX TERM--UNCONTROLLED
Resource For college Generalities
Arrived date list January2018
942 ## - ADDED ENTRY ELEMENTS (KOHA)
Source of classification or shelving scheme Dewey Decimal Classification
Holdings
Withdrawn status Item status Source of classification or shelving scheme Damaged status Not for loan Home library Current library Shelving location Date acquired Total Checkouts Total Renewals Full call number Barcode Date last seen Date last borrowed Koha item type
    Dewey Decimal Classification     Central Library Central Library First floor 28/01/2018 1 5 670 WAT 000047191 15/07/2025 08/04/2024 Book - Borrowing